000 01261nam a2200241 a 4500
008 211122s2011 ||||||||||||||||| || u
020 _a9780566089817
050 _aHV 6768 Cri
100 _aBurke, Ronald J
245 1 0 _aCrime and corruption in organizations : why it occurs and what to do about it
_cEdited by Ronald J. Burke; Edward C. Tomlinson; Cary L. Cooper
260 _aBurlington
_bAshgate Publishing Limited
_c2011
300 _axvii, 361 pages
490 _aPsychological and behavioral aspects of risk
500 _aIncludes bibliographical references and index.
650 0 _aCOMMERCIAL CRIMES
650 _aCORPORATIONS--CORRUPT PRACTICES
650 _aBUSINESS ETHICS
700 _aCooper, Cary L
700 _aTomlinson, Edward C
995 _FCBU-MAIN LIBRARY (Kitwe)
_I175.00
_M3
_UAVAILABLE
_WNov 22, 2021
_ZMain Library Open Access Collection
995 _FCBU-MAIN LIBRARY (Kitwe)
_I175.00
_M2
_UAVAILABLE
_WNov 22, 2021
_ZMain Library Open Access Collection
995 _FCBU-MAIN LIBRARY (Kitwe)
_I175.00
_M1
_UAVAILABLE
_WNov 22, 2021
_ZMain Library Open Access Collection
999 _c62612
_d62612